Statistics for Countries Kendrick Lamar has visited

Click here to take the quiz!

General Stats

  • This quiz has been taken 15 times
    (6 since last reset)
  • The average score is 12 of 15

Answer Stats

Continent Country % Correct
OceaniaAustralia
100%
North AmericaCanada
100%
EuropeFrance
100%
EuropeGermany
100%
OceaniaNew Zealand
100%
EuropeUnited Kingdom
100%
EuropeBelgium
83%
Europethe Netherlands
83%
AfricaSouth Africa
83%
North AmericaUnited States of America
83%
EuropeDenmark
67%
EuropeNorway
67%
AsiaSouth Korea
50%
EuropeSweden
50%
EuropeIreland
33%

Score Distribution

Percentile by Number Answered

Percent of People with Each Score

Your Score History

You have not taken this quiz since the last reset